00246 a2200109 4500003000500000005001700005040000900022082001100031245003300042440003300075538002800108Nust20170207154229.0 cNust a371.33 aTo Imaging Yourself (VHS-90) aTo Imaging Yourself (VHS-90) aDuration in Minutes-158